| 000 | 00969cab a2200265 4500 | ||
|---|---|---|---|
| 001 | WB3209-48 | ||
| 008 | 090401t1996 xxu||||| |||| 00| 0 eng d | ||
| 035 | _a(Sirsi) u40375 | ||
| 041 | _aeng | ||
| 245 | _aDamages claim | ||
| 260 | _c1996 | ||
| 350 | _a0 | ||
| 490 |
_aEstates Gazette Case Summaries _v[1996] EGCS 29(1) (24/02/96) |
||
| 520 | _a"R v Hounslow LBC ex parte Williamson" QBD 14 February 1996. Incorrect information was given by respondents` social services department that planning permission they had did not cover proposed day nursery when in fact it did. Applicants` claim for damages refused. | ||
| 650 | _aCHILDREN ACT 1989 | ||
| 650 | _aDAY NURSERY | ||
| 650 | _aNURSERIES | ||
| 650 | _aPLANNING PERMISSION | ||
| 650 | _aR V HOUNSLOW LBC EX P WILLIAMSON | ||
| 650 | _aTEMPORARY BUILDINGS | ||
| 650 | _aTOWN AND COUNTRY PLANNING ACT 1990 S192 | ||
| 690 | _aPLANNING LAW AND PRACTICE-CASE LAW | ||
| 942 | _n0 | ||
| 948 | _c04/03/1997 | ||
| 999 |
_c25873 _d25873 |
||